[Event "ChessOrg Schachfestival 2025"]
[Site "Bad Woerishofen Open A"]
[Date "2025.03.25"]
[Round "5"]
[Board "7"]
[White "Wacker, Peter"]
[Black "Abergel, Thal"]
[Result "0-1"]
[WhiteElo "2178"]
[BlackElo "2424"]
[PlyCount "60"]
[EventDate "2025.03.21"]
[EventRounds "9"]
[EventCountry "GER"]

1. e4 c5 2. c3 d5 3. exd5 Qxd5 4. d4 g6 5. Nf3 Bg7 6. Na3 cxd4 7. Nb5 Na6 8. Nbxd4
e5 9. Bb5+ Bd7 10. Qe2 Bxb5 11. Qxb5+ Qd7 12. Qe2 O-O-O 13. Nb3 Ne7 14. Bg5 f6 15.
Be3 Nc6 16. Qc4 Kb8 17. Nfd2 f5 18. O-O-O Rc8 19. Qa4 Qe6 20. f3 Ncb4 21. Kb1 Nd3
22. Nc1 Ndc5 23. Qb5 Rhd8 24. Rhe1 Rd5 25. Qe2 Na4 26. Qf2 Rxc3 27. Bxa7+ Ka8 28.
Bd4 Rc6 29. Ndb3 Qd7 30. Bxe5 Bxe5  0-1

[Event "ChessOrg Schachfestival 2025"]
[Site "Bad Woerishofen Open A"]
[Date "2025.03.25"]
[Round "5"]
[Board "8"]
[White "Klaska, Philipp Leon"]
[Black "Parvanyan, Ashot"]
[Result "1/2-1/2"]
[WhiteElo "2231"]
[BlackElo "2391"]
[PlyCount "84"]
[EventDate "2025.03.21"]
[EventRounds "9"]
[EventCountry "GER"]

1. d4 Nf6 2. Bf4 g6 3. Nc3 d5 4. e3 Bg7 5. h4 h5 6. Nf3 O-O 7. Qd2 Bf5 8. Ne5 c5
9. f3 cxd4 10. exd4 Nc6 11. Bb5 Nb4 12. Ba4 Rc8 13. a3 Na6 14. Bb3 Nc7 15. g4 Be6
16. Bh6 Kh7 17. Bxg7 Kxg7 18. O-O-O Rh8 19. Rdg1 Qd6 20. Ne2 Rcg8 21. Nf4 Kf8 22.
Qe3 Ke8 23. g5 Nd7 24. Re1 Bf5 25. Rh2 e6 26. Rhe2 Nxe5 27. Qxe5 Qxe5 28. dxe5 Ke7
29. Rd2 Rc8 30. Ne2 Na6 31. Nd4 Nc5 32. Re3 a6 33. c3 b5 34. Bd1 Rhd8 35. b4 Nd7
36. Kb2 Nb6 37. Bb3 Rc7 38. Rd1 Rdc8 39. Rc1 Ra8 40. Ra1 Rb8 41. Ra2 Rbc8 42. Ra1
Rb7  1/2-1/2

[Event "ChessOrg Schachfestival 2025"]
[Site "Bad Woerishofen Open A"]
[Date "2025.03.25"]
[Round "5"]
[Board "9"]
[White "Grebennikov, Nikolai A."]
[Black "Besou, Hussain"]
[Result "1/2-1/2"]
[WhiteElo "2176"]
[BlackElo "2362"]
[PlyCount "107"]
[EventDate "2025.03.21"]
[EventRounds "9"]
[EventCountry "GER"]

1. d4 Nf6 2. c4 g6 3. Nc3 d5 4. h4 c5 5. cxd5 Nxd5 6. h5 Bg7 7. h6 Bf6 8. e4 Nxc3
9. bxc3 cxd4 10. f4 e6 11. e5 Bh4+ 12. Ke2 dxc3 13. Rxh4 Qxh4 14. Nf3 Qe7 15. Qb3
O-O 16. Ba3 Qd8 17. Rd1 Nd7 18. Qxc3 Re8 19. Ng5 b5 20. Ne4 Qh4 21. Qc6 Qxf4 22.
Qxa8 b4 23. Qc6 bxa3 24. Nd6 Qg4+ 25. Qf3 Ba6+ 26. Kf2 Qh4+ 27. g3 Qh2+ 28. Qg2 Qxg2+
29. Kxg2 Bxf1+ 30. Kxf1 Rb8 31. Nc8 Rb7 32. Nd6 Rb8 33. Nc8 Rxc8 34. Rxd7 Kf8 35.
Rxa7 Rc1+ 36. Kf2 Rh1 37. Ra8+ Ke7 38. Ra7+ Ke8 39. Ra8+ Kd7 40. Rxa3 Rxh6 41. Ra7+
Ke8 42. Kg2 Rh5 43. Ra5 Rg5 44. a4 Rg4 45. Kf3 h5 46. Ra8+ Ke7 47. a5 Ra4 48. a6
g5 49. a7 Ra3+ 50. Kf2 h4 51. gxh4 gxh4 52. Kg2 Rg3+ 53. Kh2 Ra3 54. Kg2  1/2-1/2

[Event "ChessOrg Schachfestival 2025"]
[Site "Bad Woerishofen Open A"]
[Date "2025.03.25"]
[Round "5"]
[Board "10"]
[White "Arnold, Max"]
[Black "Nissinen, Niilo Man"]
[Result "1/2-1/2"]
[WhiteElo "2346"]
[BlackElo "2178"]
[PlyCount "175"]
[EventDate "2025.03.21"]
[EventRounds "9"]
[EventCountry "GER"]

1. e4 c5 2. Nf3 Nc6 3. Nc3 e5 4. Bc4 Be7 5. d3 d6 6. Nd2 Bg5 7. h4 Bh6 8. Qh5 g6
9. Qd1 Nf6 10. Nf1 Bg7 11. Ne3 Be6 12. Ned5 Ne7 13. Nxe7 Qxe7 14. Bg5 h6 15. Bxf6
Bxf6 16. h5 g5 17. Nd5 Qd8 18. Qf3 Bg7 19. Ne3 O-O 20. O-O Qf6 21. Qe2 Kh8 22. g3
Bh3 23. Rfe1 Bd7 24. Kg2 Rab8 25. a4 Rg8 26. Rh1 b6 27. g4 Rgf8 28. Rh3 Be6 29. Rf3
Qe7 30. c3 Qd7 31. Kg3 Rbd8 32. Qc2 Rb8 33. Qb3 Kh7 34. Qb5 Qxb5 35. axb5 Rb7 36.
Bd5 Bxd5 37. Nxd5 Rd8 38. Kg2 Kg8 39. Ra6 Rdd7 40. Kf1 Kf8 41. Ke2 Bh8 42. Kd2 f6
43. Kc2 Kf7 44. Kb3 Bg7 45. Kc4 Ke6 46. Rg3 Bf8 47. Rg1 Rf7 48. Rga1 Rh7 49. Ne3
Rhc7 50. Nd5 Rh7 51. R1a4 Rhd7 52. b4 Rh7 53. d4 Rhd7 54. Ra2 Rf7 55. Kd3 Rfd7 56.
Ne3 cxb4 57. cxb4 Rbc7 58. Ra1 exd4 59. Kxd4 d5 60. exd5+ Kf7 61. R6a4 Bd6 62. Nc4
Bf4 63. R4a2 f5 64. f3 Kf6 65. Re1 Rxd5+ 66. Kxd5 Rd7+ 67. Nd6 Rxd6+ 68. Kc4 Be5
69. Rae2 Rd4+ 70. Kb3 Rd3+ 71. Ka4 Rd5 72. Rc1 fxg4 73. fxg4 Bd6 74. Re4 Rd3 75.
Rc6 Kf7 76. Rc8 Bf4 77. Rcc4 Rg3 78. Rxf4+ gxf4 79. Rxf4+ Ke6 80. Rc4 Ke5 81. Rc6
Rxg4 82. Rxh6 Rg3 83. Rh7 Rh3 84. Re7+ Kd6 85. Rxa7 Rxh5 86. Rb7 Rh3 87. Rxb6+ Kc7
88. Rg6  1/2-1/2

[Event "ChessOrg Schachfestival 2025"]
[Site "Bad Woerishofen Open A"]
[Date "2025.03.26"]
[Round "6"]
[Board "1"]
[White "Santiago, Yago De Moura"]
[Black "Smith, Bryan"]
[Result "1-0"]
[WhiteElo "2466"]
[BlackElo "2365"]
[PlyCount "69"]
[EventDate "2025.03.21"]
[EventRounds "9"]
[EventCountry "GER"]

1. d4 Nf6 2. c4 e6 3. Nc3 Bb4 4. a3 Bxc3+ 5. bxc3 b6 6. f3 Nc6 7. e4 Ba6 8. Bd3 Na5
9. Qe2 c5 10. Nh3 Nb3 11. Rb1 Nxc1 12. Rxc1 d6 13. e5 dxe5 14. dxe5 Nd7 15. O-O Qe7
16. f4 f5 17. exf6 Nxf6 18. Rfe1 O-O-O 19. Bf5 Rhe8 20. Bxe6+ Kb8 21. Ng5 Qc7 22.
Qe5 Rd2 23. Qxc7+ Kxc7 24. Bd5 Ree2 25. Ne6+ Kd6 26. Rxe2 Rxe2 27. Nxg7 Nxd5 28.
cxd5 Kxd5 29. Nh5 Bb7 30. f5 Ke5 31. f6 Rxg2+ 32. Kf1 Rg5 33. Re1+ Kd6 34. Ng3 Bd5
35. f7  1-0

[Event "ChessOrg Schachfestival 2025"]
[Site "Bad Woerishofen Open A"]
[Date "2025.03.26"]
[Round "6"]
[Board "2"]
[White "Stefansson, Hannes"]
[Black "Garifullina, Leya"]
[Result "0-1"]
[WhiteElo "2444"]
[BlackElo "2446"]
[PlyCount "91"]
[EventDate "2025.03.21"]
[EventRounds "9"]
[EventCountry "GER"]

1. Nf3 d5 2. e3 Nf6 3. c4 e6 4. Nc3 Bd6 5. b3 O-O 6. Bb2 Re8 7. g3 dxc4 8. bxc4
e5 9. Bg2 Nc6 10. d3 Bf5 11. h3 Bb4 12. e4 Bxe4 13. dxe4 Nxe4 14. Qc2 Nxc3 15. Bxc3
e4 16. O-O exf3 17. Bxf3 Bxc3 18. Qxc3 Nd4 19. Kg2 Nxf3 20. Qxf3 c6 21. Rab1 Qc7
22. Rfd1 Rad8 23. Rxd8 Rxd8 24. Re1 h6 25. Qe2 c5 26. Qe7 Qc6+ 27. Kg1 Rd7 28. Qe5
Qc8 29. h4 b6 30. h5 Qd8 31. Re4 Rd4 32. Rxd4 cxd4 33. Kf1 d3 34. Ke1 d2+ 35. Kd1
Qd7 36. a3 Qa4+ 37. Kxd2 Qxa3 38. Qe8+ Qf8 39. Qc6 Kh7 40. Qe4+ f5 41. Qe6 Qf6 42.
Qd5 Qg5+ 43. Kc3 Qxh5  0-1

[Event "ChessOrg Schachfestival 2025"]
[Site "Bad Woerishofen Open A"]
[Date "2025.03.26"]
[Round "6"]
[Board "3"]
[White "Abergel, Thal"]
[Black "Wadsworth, Matthew J"]
[Result "0-1"]
[WhiteElo "2424"]
[BlackElo "2491"]
[PlyCount "82"]
[EventDate "2025.03.21"]
[EventRounds "9"]
[EventCountry "GER"]

1. e4 e6 2. d4 d5 3. Nc3 Bb4 4. Qg4 Nf6 5. Qxg7 Rg8 6. Qh6 Rg6 7. Qe3 Nxe4 8. Nf3
c5 9. Bb5+ Bd7 10. O-O Bxc3 11. Bxd7+ Nxd7 12. bxc3 c4 13. Rb1 Qc7 14. Nh4 Rg4 15.
Qh3 Rg8 16. Qf3 O-O-O 17. Bf4 Qa5 18. Rb4 Qxa2 19. Bg3 Rxg3 20. hxg3 Nd2 21. Qd1
Nxf1 22. Kxf1 Qa3 23. Qe1 Nf6 24. Rb1 Ne4 25. f3 Nxc3 26. Ra1 Qb2 27. Rxa7 Nb5 28.
Ra8+ Kd7 29. Ra1 Qxc2 30. Kg1 c3 31. f4 Nxd4 32. Kh2 Rc8 33. f5 Qe4 34. fxe6+ fxe6
35. Qf2 c2 36. Qf7+ Kc6 37. Qf6 Kb6 38. Qf2 Rc5 39. Qf8 Nc6 40. Rc1 Qe3 41. Qf1 Nd4
 0-1

[Event "ChessOrg Schachfestival 2025"]
[Site "Bad Woerishofen Open A"]
[Date "2025.03.26"]
[Round "6"]
[Board "4"]
[White "Wirig, Anthony"]
[Black "Akshat, Khamparia"]
[Result "1/2-1/2"]
[WhiteElo "2421"]
[BlackElo "2321"]
[PlyCount "45"]
[EventDate "2025.03.21"]
[EventRounds "9"]
[EventCountry "GER"]

1. c3 e5 2. d4 exd4 3. cxd4 d5 4. Nc3 Nf6 5. Bf4 Nbd7 6. e3 Bb4 7. Bd3 c5 8. Nge2
c4 9. Bc2 a6 10. O-O O-O 11. f3 b5 12. a3 Be7 13. g4 Re8 14. Ng3 Nb6 15. Qd2 g6 16.
g5 Nfd7 17. e4 Bb7 18. e5 Bc6 19. Nd1 Nf8 20. Nf2 Ne6  1/2-1/2

[Event "ChessOrg Schachfestival 2025"]
[Site "Bad Woerishofen Open A"]
[Date "2025.03.26"]
[Round "6"]
[Board "5"]
[White "Barp, Alberto"]
[Black "Pavlovic, Milos"]
[Result "1/2-1/2"]
[WhiteElo "2424"]
[BlackElo "2402"]
[PlyCount "63"]
[EventDate "2025.03.21"]
[EventRounds "9"]
[EventCountry "GER"]

1. d4 Nf6 2. c4 e6 3. Nf3 d5 4. g3 Be7 5. Bg2 O-O 6. O-O c6 7. Qc2 Nbd7 8. Rd1 b6
9. b3 Bb7 10. Nc3 Rc8 11. e4 dxe4 12. Ng5 c5 13. dxc5 h6 14. Ngxe4 Nxe4 15. Nxe4
Bxe4 16. Qxe4 Bxc5 17. Bb2 Qe7 18. Qb7 Rfd8 19. Rd2 Bb4 20. Rd3 Bd6 21. Rad1 Nc5
22. Qxe7 Bxe7 23. Rxd8+ Rxd8 24. Rxd8+ Bxd8 25. Kf1 Nd3 26. Ba3 a5 27. Be4 Nb4 28.
Bb1 Be7 29. Ke2 Kf8 30. Bb2 f5 31. f3 Kf7 32. Kd2  1/2-1/2

[Event "ChessOrg Schachfestival 2025"]
[Site "Bad Woerishofen Open A"]
[Date "2025.03.26"]
[Round "6"]
[Board "6"]
[White "Grigoryan, Karen H."]
[Black "Schmuecker, Marcus"]
[Result "1-0"]
[WhiteElo "2549"]
[BlackElo "2183"]
[PlyCount "73"]
[EventDate "2025.03.21"]
[EventRounds "9"]
[EventCountry "GER"]

1. d4 Nf6 2. c4 e6 3. Nc3 Bb4 4. Bg5 h6 5. Bh4 c5 6. d5 Bxc3+ 7. bxc3 d6 8. e3 e5
9. Bd3 Qe7 10. Ne2 g5 11. Bg3 Nbd7 12. h4 Rg8 13. hxg5 hxg5 14. Qa4 Kd8 15. Rb1 a5
16. e4 Kc7 17. f3 Nb6 18. Qb5 Ra6 19. Bf2 Bd7 20. Qb2 Qd8 21. Be3 Bc8 22. Qd2 g4
23. f4 Nbd7 24. Ng3 Rh8 25. Ke2 Rxh1 26. Rxh1 Qe8 27. Rh6 Ng8 28. Rh8 exf4 29. Bxf4
Ne5 30. Nh5 Nxd3 31. Qxd3 Rb6 32. Nf6 Rb2+ 33. Ke3 Qa4 34. Rxg8 Qxa2 35. Bxd6+ Kxd6
36. Ne8+ Kd7 37. Qf1  1-0

[Event "ChessOrg Schachfestival 2025"]
[Site "Bad Woerishofen Open A"]
[Date "2025.03.26"]
[Round "6"]
[Board "7"]
[White "Parvanyan, Ashot"]
[Black "Mantovani, Renzo"]
[Result "1-0"]
[WhiteElo "2391"]
[BlackElo "2220"]
[PlyCount "57"]
[EventDate "2025.03.21"]
[EventRounds "9"]
[EventCountry "GER"]

1. Nf3 c5 2. c4 Nf6 3. Nc3 Nc6 4. d4 cxd4 5. Nxd4 Nxd4 6. Qxd4 g6 7. e4 d6 8. Be2
Bg7 9. Be3 O-O 10. Qd2 Be6 11. O-O Qa5 12. Rac1 Rfc8 13. b3 a6 14. f4 b5 15. f5 Bd7
16. Bf3 Bc6 17. fxg6 hxg6 18. c5 b4 19. Nd5 Nxd5 20. exd5 Bb5 21. Rfd1 Bc3 22. Qf2
Rab8 23. c6 Be5 24. Bg4 f5 25. Bxf5 gxf5 26. Qxf5 Qxa2 27. Qe6+ Kh8 28. Rd4 Bf6 29.
Qh3+  1-0

[Event "ChessOrg Schachfestival 2025"]
[Site "Bad Woerishofen Open A"]
[Date "2025.03.26"]
[Round "6"]
[Board "8"]
[White "Besou, Hussain"]
[Black "Finn, Peter"]
[Result "0-1"]
[WhiteElo "2362"]
[BlackElo "2205"]
[PlyCount "118"]
[EventDate "2025.03.21"]
[EventRounds "9"]
[EventCountry "GER"]

1. e4 c5 2. Nf3 Nc6 3. Bb5 g6 4. O-O Bg7 5. Bxc6 dxc6 6. h3 Qc7 7. d3 h6 8. Nc3 g5
9. Nh2 Be5 10. Ng4 Bxg4 11. Qxg4 Nf6 12. Qe2 O-O-O 13. Be3 b6 14. Qd2 Nh5 15. Rab1
Nf4 16. Ne2 c4 17. Bxf4 gxf4 18. f3 cxd3 19. cxd3 Bd4+ 20. Kh1 Be3 21. Qc3 e5 22.
Rfd1 Qd6 23. b4 Kb7 24. a4 Rhg8 25. b5 cxb5 26. Rxb5 Rxg2 27. Rd5 Qe6 28. Kxg2 Rg8+
29. Kh2 Qg6 30. Rd7+ Ka8 31. Rd8+ Rxd8 32. Qxe5 Rg8 33. Qd5+ Kb8 34. Qe5+ Kb7 35.
Qd5+ Kc7 36. Qe5+ Kd8 37. Qb8+ Kd7 38. Qb7+ Ke6 39. Qc6+ Ke7 40. Qc7+ Kf8 41. Qc8+
Ke7 42. Qc7+ Kf6 43. Qc3+ Kg5 44. Rb1 a6 45. Qe1 Kh5 46. Qf1 Qe6 47. Rb2 Kh4 48.
Kh1 Rg3 49. Nxg3 fxg3 50. d4 Qxh3+ 51. Qxh3+ Kxh3 52. f4 Bxd4 53. Rb3 h5 54. e5 h4
55. Rd3 Bc5 56. f5 Kg4 57. e6 h3 58. Rd1 fxe6 59. fxe6 Kf5  0-1

[Event "ChessOrg Schachfestival 2025"]
[Site "Bad Woerishofen Open A"]
[Date "2025.03.26"]
[Round "6"]
[Board "9"]
[White "Ochedzan, Tymon"]
[Black "Arnold, Max"]
[Result "1/2-1/2"]
[WhiteElo "2229"]
[BlackElo "2346"]
[PlyCount "62"]
[EventDate "2025.03.21"]
[EventRounds "9"]
[EventCountry "GER"]

1. e4 c5 2. Nf3 e6 3. d4 cxd4 4. Nxd4 Nc6 5. Nc3 a6 6. Nxc6 bxc6 7. Bd3 d5 8. O-O
Nf6 9. Qe2 Be7 10. b3 O-O 11. Bb2 Bb7 12. Rad1 Qc7 13. f4 c5 14. Kh1 c4 15. bxc4
dxe4 16. Nxe4 Nxe4 17. Bxe4 Bxe4 18. Qxe4 Rac8 19. Rd3 Qxc4 20. Qe5 f6 21. Qa5 Rfd8
22. Re1 Rxd3 23. cxd3 Qxd3 24. Qb6 Bd6 25. Bd4 Qd2 26. Bf2 Rc2 27. Qb3 g6 28. Qxe6+
Kg7 29. Qd7+ Kh6 30. Qh3+ Kg7 31. Qd7+ Kh6  1/2-1/2

[Event "ChessOrg Schachfestival 2025"]
[Site "Bad Woerishofen Open A"]
[Date "2025.03.26"]
[Round "6"]
[Board "10"]
[White "De Francesco, Klaus"]
[Black "Dishman, Stephen"]
[Result "0-1"]
[WhiteElo "2190"]
[BlackElo "2272"]
[PlyCount "40"]
[EventDate "2025.03.21"]
[EventRounds "9"]
[EventCountry "GER"]

1. Nf3 d5 2. e3 Nf6 3. c4 dxc4 4. Bxc4 e6 5. b3 a6 6. Bb2 Be7 7. O-O O-O 8. d4 b6
9. Nbd2 Bb7 10. Qe2 Nbd7 11. e4 c5 12. Rfd1 cxd4 13. Nxd4 Qb8 14. Nxe6 fxe6 15. Bxe6+
Kh8 16. e5 Nd5 17. Bxd7 Nf4 18. Qe3 Bc5 19. Qe1 Nd3 20. Qe2 Rxf2  0-1

[Event "ChessOrg Schachfestival 2025"]
[Site "Bad Woerishofen Open A"]
[Date "2025.03.27"]
[Round "7"]
[Board "1"]
[White "Garifullina, Leya"]
[Black "Santiago, Yago De Moura"]
[Result "1/2-1/2"]
[WhiteElo "2446"]
[BlackElo "2466"]
[PlyCount "50"]
[EventDate "2025.03.21"]
[EventRounds "9"]
[EventCountry "GER"]

1. e4 e6 2. d4 d5 3. Nc3 Bb4 4. e5 c5 5. a3 Ba5 6. b4 cxd4 7. Qg4 Kf8 8. Nb5 Bb6
9. Nf3 Nc6 10. Bb2 f6 11. Nbxd4 Nxe5 12. Nxe5 fxe5 13. Nxe6+ Bxe6 14. Qxe6 Qf6 15.
Qxf6+ gxf6 16. c4 Ne7 17. Rd1 Kg7 18. cxd5 Rhd8 19. Bc4 Rac8 20. Bb3 Nf5 21. O-O
Bd4 22. Bc1 Rc3 23. Ba2 Ne7 24. Bb2 Rc2 25. Bxd4 Rxa2  1/2-1/2

[Event "ChessOrg Schachfestival 2025"]
[Site "Bad Woerishofen Open A"]
[Date "2025.03.27"]
[Round "7"]
[Board "2"]
[White "Wadsworth, Matthew J"]
[Black "Grigoryan, Karen H."]
[Result "0-1"]
[WhiteElo "2491"]
[BlackElo "2549"]
[PlyCount "78"]
[EventDate "2025.03.21"]
[EventRounds "9"]
[EventCountry "GER"]

1. d4 g6 2. c4 Bg7 3. Nf3 c5 4. d5 d6 5. e4 Nf6 6. Nc3 O-O 7. Be2 e6 8. O-O Na6 9.
h3 Re8 10. Bf4 exd5 11. exd5 Ne4 12. Nxe4 Rxe4 13. Bg5 Qf8 14. Qd2 h6 15. Be3 Bd7
16. Bd3 Ree8 17. a3 Nc7 18. b4 Bxa1 19. Rxa1 g5 20. h4 f6 21. bxc5 dxc5 22. Rb1 b6
23. Bg6 Red8 24. Qc2 Qg7 25. hxg5 hxg5 26. g3 Rf8 27. Bd3 Qh8 28. d6 Ne8 29. Be4
Nxd6 30. Rd1 Nxe4 31. Rxd7 Rae8 32. Qd3 Rf7 33. Qd5 Qh5 34. Rxa7 Nc3 35. Qxf7+ Qxf7
36. Rxf7 Kxf7 37. Kf1 Nb1 38. Bc1 Kg6 39. Ne1 Re4  0-1

[Event "ChessOrg Schachfestival 2025"]
[Site "Bad Woerishofen Open A"]
[Date "2025.03.27"]
[Round "7"]
[Board "3"]
[White "Dishman, Stephen"]
[Black "Wirig, Anthony"]
[Result "0-1"]
[WhiteElo "2272"]
[BlackElo "2421"]
[PlyCount "124"]
[EventDate "2025.03.21"]
[EventRounds "9"]
[EventCountry "GER"]

1. Nf3 d5 2. d4 e6 3. Bf4 Bd6 4. e3 Bxf4 5. exf4 Qd6 6. Qc1 b6 7. c3 Ne7 8. g3 Ba6
9. Bxa6 Nxa6 10. O-O c5 11. Na3 Nc7 12. Nc2 O-O 13. Qd2 a5 14. Rfe1 c4 15. h4 b5
16. a3 f6 17. h5 Nc6 18. Ne3 Qd7 19. Kg2 Rae8 20. Qd1 e5 21. dxe5 fxe5 22. Nxe5 Nxe5
23. fxe5 Rxe5 24. f4 Re6 25. Nc2 Rxe1 26. Qxe1 Qf7 27. Nd4 Qxh5 28. Qe7 Qf7 29. Re1
Re8 30. Qxf7+ Kxf7 31. Re5 g6 32. Kf3 Rxe5 33. fxe5 a4 34. g4 h6 35. Ke3 Ke8 36.
Kf3 Ke7 37. Ke3 Kf7 38. Kf3 Ne6 39. Nxb5 Nc5 40. Nd4 Nd3 41. e6+ Ke7 42. Ke3 Nc5
43. Nf3 Nxe6 44. Ne5 g5 45. Nc6+ Kd6 46. Nb4 Nd8 47. Nc2 Nc6 48. Kf2 Ne5 49. Ne3
Nd3+ 50. Ke2 Ke5 51. Nd1 Ke4 52. Ne3 Nxb2 53. Nf5 Nd3 54. Nxh6 Ne5 55. Nf5 Nxg4 56.
Nd6+ Kf4 57. Nb7 Nf6 58. Nc5 g4 59. Nxa4 Ne4 60. Kf1 Kf3 61. Nb6 Nxc3 62. a4 g3  0-1

[Event "ChessOrg Schachfestival 2025"]
[Site "Bad Woerishofen Open A"]
[Date "2025.03.27"]
[Round "7"]
[Board "4"]
[White "Pavlovic, Milos"]
[Black "Akshat, Khamparia"]
[Result "1-0"]
[WhiteElo "2402"]
[BlackElo "2321"]
[PlyCount "63"]
[EventDate "2025.03.21"]
[EventRounds "9"]
[EventCountry "GER"]

1. d4 Nf6 2. c4 e6 3. Nf3 d5 4. Nc3 Nbd7 5. e3 a6 6. b3 Bb4 7. Bb2 b6 8. Bd3 Bb7
9. O-O O-O 10. cxd5 exd5 11. Ne5 Re8 12. f4 Bxc3 13. Bxc3 Ne4 14. Qh5 g6 15. Qh6
Nxe5 16. fxe5 Qg5 17. Qxg5 Nxg5 18. b4 Bc6 19. a4 b5 20. a5 Ne4 21. Rac1 Re6 22.
Be1 f5 23. Bxe4 fxe4 24. Rf6 Rxf6 25. exf6 Be8 26. Rxc7 Bf7 27. Bg3 h6 28. h4 g5
29. hxg5 hxg5 30. Be5 Rf8 31. Kf2 Re8 32. Kg3  1-0

[Event "ChessOrg Schachfestival 2025"]
[Site "Bad Woerishofen Open A"]
[Date "2025.03.27"]
[Round "7"]
[Board "5"]
[White "Finn, Peter"]
[Black "Parvanyan, Ashot"]
[Result "0-1"]
[WhiteElo "2205"]
[BlackElo "2391"]
[PlyCount "50"]
[EventDate "2025.03.21"]
[EventRounds "9"]
[EventCountry "GER"]

1. d4 Nf6 2. c4 g6 3. Nc3 Bg7 4. e4 d6 5. Nf3 O-O 6. h3 e5 7. d5 Nh5 8. g3 f5 9.
exf5 gxf5 10. Bg5 Qe8 11. Be2 Na6 12. Nh4 Nf6 13. Qc2 Nc5 14. g4 f4 15. b4 Na6 16.
a3 e4 17. Bxf4 Nxg4 18. Bg3 Nxf2 19. Bxf2 Qe5 20. Rg1 Rxf2 21. Kxf2 Qf4+ 22. Kg2
Qxh4 23. Qxe4 Bxh3+ 24. Kf3 Rf8+ 25. Ke3 Qh6+  0-1

[Event "ChessOrg Schachfestival 2025"]
[Site "Bad Woerishofen Open A"]
[Date "2025.03.27"]
[Round "7"]
[Board "6"]
[White "Smith, Bryan"]
[Black "Eckardt, Joshua"]
[Result "1/2-1/2"]
[WhiteElo "2365"]
[BlackElo "2240"]
[PlyCount "120"]
[EventDate "2025.03.21"]
[EventRounds "9"]
[EventCountry "GER"]

1. e4 e6 2. d4 d5 3. e5 c5 4. c3 Nc6 5. Nf3 Bd7 6. Be2 Nge7 7. O-O cxd4 8. cxd4 Nf5
9. Nc3 Rc8 10. Bg5 Qb6 11. Na4 Qa5 12. Rc1 h6 13. Bd2 Qd8 14. Be3 b6 15. a3 Be7 16.
g4 Nh4 17. Nxh4 Bxh4 18. f4 O-O 19. Kh1 f6 20. Ba6 Rc7 21. Bd3 fxe5 22. dxe5 d4 23.
Bd2 Nxe5 24. fxe5 Rxc1 25. Qxc1 Bxa4 26. Qc4 Rxf1+ 27. Bxf1 Qd7 28. Bg2 Bb5 29. Qc1
d3 30. Be4 Ba6 31. Qc6 Qxc6 32. Bxc6 Bf2 33. b4 Bc4 34. Kg2 Bd4 35. Kf3 Bxe5 36.
h4 Kf7 37. Ke4 Bf6 38. g5 hxg5 39. hxg5 Bb2 40. a4 Ba1 41. b5 Bb2 42. a5 bxa5 43.
Bxa5 Bc1 44. Kd4 Bd5 45. Bxd5 exd5 46. Kxd3 Bxg5 47. Bc7 Bh4 48. Ke3 Be7 49. Kd4
Ke6 50. Bb8 Bh4 51. Ke3 Bf6 52. Bxa7 Kd6 53. Kf4 g6 54. Bb6 Ke6 55. Bc5 Be5+ 56.
Kg5 Kf7 57. b6 d4 58. b7 d3 59. Be3 Bb8 60. Bd2 Bc7  1/2-1/2

[Event "ChessOrg Schachfestival 2025"]
[Site "Bad Woerishofen Open A"]
[Date "2025.03.27"]
[Round "7"]
[Board "7"]
[White "Klaska, Philipp Leon"]
[Black "Stefansson, Hannes"]
[Result "0-1"]
[WhiteElo "2231"]
[BlackElo "2444"]
[PlyCount "84"]
[EventDate "2025.03.21"]
[EventRounds "9"]
[EventCountry "GER"]

1. e4 c5 2. Nf3 e6 3. g3 Nf6 4. Qe2 Nc6 5. Bg2 e5 6. O-O Be7 7. c3 O-O 8. Na3 Re8
9. d3 h6 10. Nc4 d6 11. a4 Be6 12. h3 Bf8 13. Re1 Qc7 14. Ne3 d5 15. Nh4 Qd7 16.
Kh2 Rad8 17. c4 dxc4 18. dxc4 Qd3 19. Qxd3 Rxd3 20. Nhf5 Nd4 21. Nxd4 exd4 22. Nd5
Bxd5 23. cxd5 Nxd5 24. Bf1 Nb4 25. Bxd3 Nxd3 26. Re2 c4 27. Rb1 Rc8 28. Bd2 a6 29.
a5 Rc5 30. Be1 Rb5 31. Rc2 c3 32. Bxc3 dxc3 33. Rxc3 Nxf2 34. Re3 Bc5 35. Re2 Nd3
36. e5 Bd4 37. e6 fxe6 38. Rxe6 Bxb2 39. Rd6 Ne5 40. Rd8+ Kh7 41. h4 Nc6 42. Rd2
Bd4  0-1

[Event "ChessOrg Schachfestival 2025"]
[Site "Bad Woerishofen Open A"]
[Date "2025.03.27"]
[Round "7"]
[Board "8"]
[White "Ochedzan, Tymon"]
[Black "Milov, Leonid"]
[Result "0-1"]
[WhiteElo "2229"]
[BlackElo "2425"]
[PlyCount "71"]
[EventDate "2025.03.21"]
[EventRounds "9"]
[EventCountry "GER"]

1. e4 c5 2. Nf3 e6 3. d4 cxd4 4. Nxd4 Nc6 5. Nc3 Qc7 6. g3 a6 7. Bg2 d6 8. Nxc6 bxc6
9. O-O Nf6 10. Na4 Bb7 11. c4 c5 12. Qd3 Be7 13. Bf4 Nd7 14. Rac1 Ne5 15. Qc3 O-O
16. Rfd1 Rab8 17. a3 a5 18. b4 axb4 19. axb4 cxb4 20. Qb2 Bf6 21. Qb3 Bc6 22. Nb2
g5 23. Be3 Qb7 24. f4 Ng4 25. Bd4 Bxd4+ 26. Rxd4 Qa7 27. c5 dxc5 28. Rdc4 Qa3 29.
Qf3 f5 30. Nd3 Nf6 31. Nxc5 fxe4 32. Qxa3 bxa3 33. fxg5 Bd5 34. Ra4 a2 35. g4 Rb1
36. Rf1  0-1

[Event "ChessOrg Schachfestival 2025"]
[Site "Bad Woerishofen Open A"]
[Date "2025.03.27"]
[Round "7"]
[Board "9"]
[White "Nissinen, Niilo Man"]
[Black "Abergel, Thal"]
[Result "1/2-1/2"]
[WhiteElo "2178"]
[BlackElo "2424"]
[PlyCount "101"]
[EventDate "2025.03.21"]
[EventRounds "9"]
[EventCountry "GER"]

1. e4 c6 2. d4 d5 3. e5 Bf5 4. Nf3 e6 5. Be2 Nd7 6. O-O Ne7 7. c3 Ng6 8. Re1 f6 9.
exf6 Qxf6 10. Bg5 Qf7 11. Nh4 Nxh4 12. Bxh4 Bd6 13. Nd2 O-O 14. Bh5 g6 15. Bg4 Rae8
16. Bxf5 exf5 17. f3 g5 18. Bxg5 Bxh2+ 19. Kxh2 Qh5+ 20. Kg1 Qxg5 21. Nf1 Nf6 22.
Qd2 f4 23. Rxe8 Rxe8 24. Re1 Kf7 25. Rxe8 Kxe8 26. Kf2 Kd7 27. Qd3 Kd6 28. Qe2 Qf5
29. g3 fxg3+ 30. Nxg3 Qf4 31. Nf1 Ne4+ 32. Kg2 Qg5+ 33. Kh1 Nf6 34. Qh2+ Ke6 35.
Qc7 Qc1 36. Qe5+ Kf7 37. Qc7+ Kg6 38. Kg2 b5 39. Qg3+ Qg5 40. Kf2 h5 41. Qxg5+ Kxg5
42. Nd2 h4 43. Nb3 Ng8 44. Nc5 Ne7 45. Nd3 a5 46. b4 axb4 47. Nxb4 Kf5 48. Kg2 Kf4
49. Kf2 Kg5 50. Kg2 Kf5 51. Kh3  1/2-1/2

[Event "ChessOrg Schachfestival 2025"]
[Site "Bad Woerishofen Open A"]
[Date "2025.03.27"]
[Round "7"]
[Board "10"]
[White "Wacker, Peter"]
[Black "Barp, Alberto"]
[Result "0-1"]
[WhiteElo "2178"]
[BlackElo "2424"]
[PlyCount "56"]
[EventDate "2025.03.21"]
[EventRounds "9"]
[EventCountry "GER"]

1. e4 c5 2. c3 d5 3. exd5 Qxd5 4. d4 Nc6 5. Nf3 Nf6 6. Be3 cxd4 7. cxd4 e6 8. Nc3
Bb4 9. a3 Bxc3+ 10. bxc3 Qa5 11. Qc2 b6 12. Bd3 Ba6 13. O-O Bxd3 14. Qxd3 O-O 15.
Bg5 Rac8 16. c4 Rfd8 17. Rfd1 Ne7 18. h3 Qf5 19. Qxf5 Nxf5 20. Rac1 h6 21. Be3 Ne4
22. a4 Rd7 23. a5 Rdc7 24. axb6 axb6 25. Bf4 Rxc4 26. Rxc4 Rxc4 27. g4 Nc3 28. Rd2
Nxd4  0-1